000 00722nam a2200193 a 4500
001 BRCA_1237
005 20190320203335.0
008 310308s2003----mx-a---###---#000-0#spa-#
020 _a849600841X
050 4 _aN6502
_b.I44 2003
245 1 0 _aIberoamérica mestiza
_bencuentro de pueblos y culturas.
260 _aMéxico
_bSeacex
_c2003
300 _a332 p.
_bil. a color
_c29 cm.
500 _aCatálogo de la exposición realizada en el Centro Cultural de la Villa (Madrid), octubre - noviembre, 2003 y en el Castillo de Chapultepec (Ciudad de México), enero - marzo, 2004
650 1 4 _aMestizaje indígena
_zAmérica Latina
_94071
651 4 _aAmérica Latina
_xMestizaje
_94072
653 0 _aCastas
942 _2lcc
_cB
999 _c1107
_d1107